00585nas a2200181 450000100100000000500170001000800410002704000250006804300090009324500230010226000730012530000250019831000120022336200220023550000490025765000800030699900170038600003752320200930080418.0120423c20049999dr mr1p dd 0 0spa d aDO-SdBNPbspacBNPHU anwdr00aDesarrollo humano. aSanto Domingo :bPrograma de las Naciones Unidas para el Desarrollo. av.- :bil. ;c29 cm. aMensual1 aNo. 1 (ene. 2004) aCatalogación basada en : No. 1 (ene. 2004) 4aDesarrollo humanovPUBLICAIONES PERIÓDICASzRepública Dominicana963979 c37013d37013